| 000 | 01584nam a2200469 i 4500 | ||
|---|---|---|---|
| 001 | 17359 | ||
| 003 | KOSZ 005 | ||
| 005 | 20200504122619.0 | ||
| 008 | 011109s1977 pl a f f |000 0 pol | ||
| 015 | _aUWD 1977/5019 | ||
| 035 | _a991017210789705066 | ||
| 035 | _a(PL-WaBN)b14647898-48omnis_nlop | ||
| 035 | _ab14647898 | ||
| 035 | _a(OCoLC)749147058 | ||
| 035 | _a(PL)b0000001464789 | ||
| 035 | _a(EXLNZ-48OMNIS_NETWORK)9910480094605606 | ||
| 040 |
_aWA N _cWA N _dKOSZ 005/HR |
||
| 041 | 0 | _apol | |
| 080 | _a629.735 | ||
| 080 | _a(075.8) | ||
| 100 | 1 |
_aSzaniawski, Kazimierz _eAutor |
|
| 245 | 1 | 0 |
_aTechnologia samolotu / _cKazimierz Szaniawski, Zdzisław Tkaczyk. |
| 260 |
_aRzeszów : _bWydawnictwo Uczelniane Politechniki Rzeszowskiej im. Ignacego Łukasiewicza, _c1977. |
||
| 300 |
_a455 s. : _bil., tab., wykr. ; _c21 cm. |
||
| 336 |
_aTekst _btxt _2rdacontent |
||
| 337 |
_aBez urządzenia pośredniczącego _bn _2rdamedia |
||
| 338 |
_aWolumin _bnc _2rdacarrier |
||
| 380 | _aKsiążki | ||
| 380 | _aPublikacje dydaktyczne | ||
| 385 |
_mPoziom nauczania _aSzkoły wyższe |
||
| 388 | _a1901-2000 | ||
| 388 | _a1945-1989 | ||
| 504 | _aBibliogr. przy rozdz. oraz s. 453. | ||
| 650 | 7 |
_aSamoloty _2DBN |
|
| 650 | 7 | _aBudowa i konstrukcje | |
| 655 | 7 |
_aPodręczniki akademickie _2DBN |
|
| 658 | _aInżynieria i technika | ||
| 700 | 1 |
_aTkaczyk, Zdzisław _eAutor |
|
| 856 |
_uhttp://koha.tu.koszalin.pl/cgi-bin/koha/opac-detail.pl?biblionumber=17359 _zKatalog online BPK |
||
| 942 |
_2UKD _cKS |
||
| 999 |
_c17359 _d17359 |
||